| 000 | 00614nam a2200229 a 4500 | ||
|---|---|---|---|
| 001 | BRL_455 | ||
| 005 | 20190320210741.0 | ||
| 008 | 140813s1989----enka######---#000-0#eng-# | ||
| 020 | _a074780111 | ||
| 041 | _aeng | ||
| 044 | _aenk | ||
| 050 | 4 |
_aHD2346.I _b.E33 1989 |
|
| 100 | 1 |
_aEddy, Mike _923963 |
|
| 245 | 1 | 0 |
_aCrafts and Traditions of the Canary Islands _cMike Eddy. |
| 260 |
_aGran Bretaña _bShire Ethnography _c1989 |
||
| 300 |
_a68 p. _bil. _c21 cm. |
||
| 440 | 0 |
_aShire Ethnography _v17 _923964 |
|
| 500 | _aAu491 | ||
| 650 | 1 | 4 |
_aArtesanías _zIslas Canarias _923965 |
| 902 | _aGRL | ||
| 942 |
_2lcc _cB |
||
| 999 |
_c9267 _d9267 |
||